000 00319nam a2200133Ia 4500
003 GCL
008 140319s9999 xx 000 0 ara d
040 _aGCL /
_cGCL
082 0 4 _a811.5
_bh ]
245 1 0 _aديوان سبط بين التعاويذ
260 _a[S.N] :
_bدار صادر
300 _a500 ص
490 _a
999 _c31553
_d31553